|
|
|
|
| LEADER |
00000nam0a2200000 4500 |
| 001 |
370140 |
| 005 |
20231102012242.0 |
| 035 |
|
|
|a (RuTPU)RU\TPU\retro\27548
|
| 090 |
|
|
|a 370140
|
| 100 |
|
|
|a 20220620d1980 km y0rusy50 ca
|
| 101 |
0 |
|
|a rus
|
| 102 |
|
|
|a RU
|
| 105 |
|
|
|a a z 001zy
|
| 200 |
1 |
|
|a Влияние осушения на режим и баланс грунтовых вод при их напорном питании (На примере Полесья)
|f П. А. Киселев
|g Всесоюзный научно-исследовательский институт гидрогеологии и инженерной геологии
|
| 210 |
|
|
|a Москва
|c Недра
|d 1980
|
| 215 |
|
|
|a 112 с.
|c ил.
|
| 320 |
|
|
|a Библиогр.: с. 109-110
|
| 606 |
1 |
|
|a Почвы осушаемые
|x Водный режим
|2 stltpush
|3 (RuTPU)RU\TPU\subj\51047
|9 69659
|
| 606 |
1 |
|
|a Воды грунтовые
|x Баланс
|2 stltpush
|3 (RuTPU)RU\TPU\subj\3134
|9 31590
|
| 610 |
1 |
|
|a осуществимость
|
| 610 |
1 |
|
|a режим
|
| 610 |
1 |
|
|a напорное питание
|
| 610 |
1 |
|
|a Полесье
|
| 610 |
1 |
|
|a уровень воды
|
| 610 |
1 |
|
|a болота
|
| 610 |
1 |
|
|a водоносные горизонты
|
| 675 |
|
|
|a 626.87
|v 4
|
| 675 |
|
|
|a 556.324
|v 4
|
| 700 |
|
1 |
|a Киселев
|b П. А.
|g Петр Александрович
|
| 712 |
0 |
2 |
|a Всесоюзный научно-исследовательский институт гидрогеологии и инженерной геологии
|c (пос. Зеленый, Московская область)
|2 stltpush
|3 (RuTPU)RU\TPU\col\2061
|9 23644
|
| 801 |
|
1 |
|a RU
|b 63413507
|c 20220620
|
| 942 |
|
|
|c BK
|